000 00531nam a2200169Ia 4500
005 20250508151048.0
008 008 250505s9999 xx 000 0 eng d
037 _aTextual
040 _aFEDL
_beng
_cFEDL
041 _aeng
_2eng
084 _a372.241, SCO
_qFEDL
245 0 _aScottish primary school organisation: Age-grade classification time allocation to subjects
260 _aLondon, UK
_bUniversity of London Press
_c1939
300 _a82p.
942 _cTEXL
_h372.241, SCO
999 _c1327344
_d1327344